[Event "Benidorm op U2300 08th"]
[Site "Benidorm"]
[Date "2009.12.06"]
[Round "9"]
[White "Poyato Sala, Josep Albert"]
[Black "Vlashki, Nino"]
[Result "1/2-1/2"]
[WhiteElo "2197"]
[BlackElo "2262"]
[PlyCount "102"]
[EventDate "2009.11.28"]
[EventType "swiss"]
[EventRounds "10"]
[EventCountry "ESP"]
[SourceTitle "CBM 133 Extra"]
[Source "ChessBase"]
[SourceDate "2010.01.05"]
[SourceVersion "1"]
[SourceVersionDate "2010.01.05"]
[SourceQuality "1"]

1. d4 Nf6 2. Nf3 g6 3. c4 Bg7 4. Nc3 0-0 5. e4 c6 6. Be2 d5 7. e5 Ne4 8. cxd5 cxd5 9. Qb3 Nxc3 10. bxc3 Nc6 11. 0-0 b6 12. Be3 f6 13. exf6 exf6 14. Nd2 Be6 15. Rfe1 Na5 16. Qb4 Rf7 17. Bf4 Bf8 18. Qb2 Re7 19. Bd3 Bf7 20. Kf1 Rc8 21. Ba6 Rc6 22. Bb5 Rce6 23. Rxe6 Rxe6 24. Re1 Rxe1+ 25. Kxe1 g5 26. Bg3 Bd6 27. Bd3 h5 28. Qc2 Kg7 29. f3 h4 30. Bxd6 Qxd6 31. Nf1 Nc6 32. Kf2 Ne7 33. g3 hxg3+ 34. hxg3 Be6 35. Ne3 Qc6 36. Qb3 Kf7 37. Bb5 Qd6 38. Bd3 f5 39. Qc2 f4 40. gxf4 Qxf4 41. Ng2 Qh2 42. Qc1 Kf6 43. Qg1 Qc7 44. Qh1 Qxc3 45. Qh6+ Kf7 46. Qh7+ Ke8 47. Qh8+ Bg8 48. Bh7 Kf7 49. Bxg8+ Nxg8 50. Qe5 Nf6 51. Ne3 Qd2+ 1/2-1/2

[Event "Benidorm op U2300 08th"]
[Site "Benidorm"]
[Date "2009.11.30"]
[Round "3"]
[White "Poyato Sala, Josep Albert"]
[Black "Lillo Castany, Victor"]
[Result "1/2-1/2"]
[WhiteElo "2197"]
[BlackElo "2314"]
[PlyCount "67"]
[EventDate "2009.11.28"]
[EventType "swiss"]
[EventRounds "10"]
[EventCountry "ESP"]
[SourceTitle "CBM 133 Extra"]
[Source "ChessBase"]
[SourceDate "2010.01.05"]
[SourceVersion "1"]
[SourceVersionDate "2010.01.05"]
[SourceQuality "1"]

1. d4 Nf6 2. Nf3 e6 3. c4 c5 4. d5 b5 5. Bg5 exd5 6. cxd5 d6 7. e4 a6 8. a4 Be7 9. Nbd2 Nxd5 10. Bxe7 Qxe7 11. axb5 0-0 12. Bc4 Nf4 13. 0-0 Bb7 14. Re1 axb5 15. Rxa8 Bxa8 16. Bxb5 Qf6 17. Bf1 Nc6 18. Nc4 Rd8 19. g3 Ne6 20. Bg2 Ned4 21. Nxd4 Nxd4 22. f4 Rb8 23. e5 Qe6 24. Bxa8 Rxa8 25. Nxd6 Ra2 26. Nb5 Qb6 27. Nxd4 cxd4 28. Qc2 d3+ 29. Qf2 d2 30. Rd1 Qxb2 31. Kg2 Qc2 32. Qe2 Qc6+ 33. Kf2 Qd5 34. Qf3 1/2-1/2

[Event "Figueres op 05th"]
[Site "Figueres"]
[Date "2004.08.11"]
[Round "3"]
[White "Poyato Sala, Josep Albert"]
[Black "Dobrev, Nanko"]
[Result "0-1"]
[WhiteElo "2185"]
[BlackElo "2415"]
[PlyCount "54"]
[EventDate "2004.08.09"]
[EventType "swiss"]
[EventRounds "8"]
[EventCountry "ESP"]
[SourceTitle "CBM 101 Extra"]
[Source "ChessBase"]
[SourceDate "2004.09.01"]
[SourceVersion "2"]
[SourceVersionDate "2004.09.01"]
[SourceQuality "1"]

1. d4 Nf6 2. c4 e6 3. Nc3 Bb4 4. Qc2 d5 5. cxd5 exd5 6. Bg5 h6 7. Bh4 c5 8. dxc5 Nc6 9. e3 g5 10. Bg3 Ne4 11. Nge2 Bf5 12. Qc1 Nxc5 13. Nd4 Nd3+ 14. Bxd3 Bxd3 15. Qd2 Ba6 16. Nxc6 bxc6 17. Qd4 Bxc3+ 18. Qxc3 0-0 19. Qxc6 Qa5+ 20. Qc3 Qb5 21. Qd2 d4 22. a4 Qc4 23. b4 Rfd8 24. b5 dxe3 25. Qxe3 Re8 26. Be5 Bb7 27. Rc1 Qd5 0-1